2. Weltkrieg Quiz (Schwer) - Statistiken

Allgemein
  • Dieses Quiz wurde 759 mal gespielt
  • Das Durchschnittsergebnis liegt bei 4 aus 10
Antwortstatistiken
Hint Antwort % Korrekt
Führerhauptquartier in Ostpreußen Wolfsschanze
60%
Größte Evakuierungs-Aktion der Geschichte (Stadt) Dünkirchen
58%
Teil von Frankreich der unbesetzt war Vichy-Frankreich
57%
Japanisches Staatsoberhaupt Hirohito
51%
Führer nach Adolf Hitlers Tod Karl Dönitz
47%
Titel des italienischen Faschistenführers B. Mussolini Duce
46%
Größte Panzerschlacht der Geschichte (Stadt) Kursk
46%
Britisches Jagdflugzeug Spitfire
41%
Welche Deutsche Armee wurde in Stalingrad eingekesselt? 8. Armee
17%
Deutscher Afrikafeldzug (Name) Afrikakorps
10%
Keine übereinstimmenden Quizze gefunden
Verteilung der Resultate
Anzahl Personen mit jedem Resultat
Perzentil nach korrekt beantworteten Fragen
Ihre Resultats-Entwicklung
Sie haben dieses Quiz noch nicht gespielt